Reverse Dictionary #87 - Statistics

General Stats
  • This quiz has been taken 35 times
  • The average score is 15 of 25
Answer Stats
Definition First
Letter
Word % Correct
To support oneself on the feet in an erect position. S Stand
97%
A piece of cloth covering a window, bed, etc. to offer privacy and keep out light. C Curtain
91%
The part of Earth which is not covered by oceans or other bodies of water. L Land
88%
Not having the power of speech. M Mute
88%
To search for (something) on the Internet using any comprehensive search engine. G Google
81%
Information about current events disseminated by the media. N News
75%
Jealously desiring the excellence or good fortune of another. E Envious
72%
To want strongly; to feel that one must have something. N Need
72%
To burn with hot liquid. S Scald
72%
A rigid structure that surrounds or encloses something such as a door or window. F Frame
69%
To live past a life-threatening event. S Survive
69%
A hard, strong, gray or bluish-gray alloy of iron with carbon and usually other elements, used extensively as a structural and fabricating material. S Steel
66%
Crying, or about to cry. T Tearful
66%
Extremely large or on a great scale. C Colossal
59%
In a state of panic, worry, frenzy, or rush. F Frantic
56%
Darkness where light, particularly sunlight, is blocked. S Shade
53%
Characterized by attention to even small parts that might escape notice, and thoroughness of treatment. D Detailed
50%
The state of being or occurring; beinghood. E Existence
50%
To pull or twist violently. W Wrench
50%
Inborn; natural. I Innate
47%
Giving confidence or hope. E Encouraging
44%
Giving pleasure; pleasing in manner. P Pleasant
34%
Harmful, injurious. D Damaging
28%
1. Elusive; difficult to capture or observe due to constantly outwitting the adversaries; slippery.2. Dishonest; deceitful. Evasive or shifty. S Sneaky
22%
1. A form of matter that has constant chemical composition and characteristic properties.2. The essential part of anything; the most vital part. The crux or gist. S Substance
22%
No matching quizzes found
Score Distribution
Percent of People with Each Score
Percentile by Number Answered
Your Score History
You have not taken this quiz